| 000 | 00784nam a2200265Ia 4500 | ||
|---|---|---|---|
| 001 | Para_5285 | ||
| 003 | CHAP | ||
| 008 | 220125s1919 xx 000 0 und d | ||
| 010 | _a203757 | ||
| 040 | _cCHAP | ||
| 090 | _aPA FOLLETO 2626 | ||
| 100 |
_aCaffrey, D. J. _917083 |
||
| 245 |
_aThe european corn borer : _b a menace to the contry's corn crop / _c D. J. Caffrey |
||
| 260 |
_aWashington : _b Department of Agriculture |
||
| 300 | _a28 p. | ||
| 440 |
_aEUA. Dept. of agriculture Farmers' bull.; 1046 _9169651 |
||
| 650 |
_aDiatraea crambidoides MaĆz _x Plagas _9169652 |
||
| 901 | _aPA FOLLETO 2626 | ||
| 902 | _aA | ||
| 905 | _a0000001919 WAS 0000000000 00 | ||
| 910 | _a1919 | ||
| 942 | _cPARA | ||
| 942 |
_cPARA _d1 |
||
| 999 |
_c203757 _d203757 |
||